Chemistry in the laboratory

保存先:
書誌詳細
第一著者: Postma, James M.
フォーマット: 図書
言語:Undetermined
出版事項: New York, N.Y. W. H. Freeman 2004
主題:
タグ: タグ追加
タグなし, このレコードへの初めてのタグを付けませんか!
Thư viện lưu trữ: Trung tâm Học liệu Trường Đại học Cần Thơ
LEADER 00527nam a2200193Ia 4500
001 CTU_104262
008 210402s9999 xx 000 0 und d
020 |c 73.61 
082 |a 542 
082 |b P858 
100 |a Postma, James M. 
245 0 |a Chemistry in the laboratory 
245 0 |c James M. Postma, Julian L. Roberts, J. Leland Hollenberg 
260 |a New York, N.Y. 
260 |b W. H. Freeman 
260 |c 2004 
650 |a Chemistry 
904 |i Minh 
980 |a Trung tâm Học liệu Trường Đại học Cần Thơ